Normal view
MARC view
Entry Topical Term
001 - CONTROL NUMBER
- control field: 21523
003 - CONTROL NUMBER IDENTIFIER
- control field: ENAL
005 - DATE AND TIME OF LATEST TRANSACTION
- control field: 20181014120907.0
008 - FIXED-LENGTH DATA ELEMENTS
- fixed length control field: 181014|| aca||aabn | a|a d
040 ## - CATALOGING SOURCE
- Original cataloging agency: ENAL
- Transcribing agency: ENAL
150 ## - HEADING--TOPICAL TERM
- Topical term or geographic name entry element: Arabic language
- Form subdivision: Dictionaries
- General subdivision: English.
670 ## - SOURCE DATA FOUND
- Source citation: Work cat.: (ENAL): The Commette of Biology and Agriculture 17890, Dictionary of entomology terms /, 2012.